मुक्तिबोश की समीक्षाई / (Record no. 113140)

MARC details
000 -LEADER
fixed length control field 01055nam a22002537a 4500
005 - DATE AND TIME OF LATEST TRANSACTION
control field 20170124102948.0
010 ## - LIBRARY OF CONGRESS CONTROL NUMBER
LC control number A-927112
020 ## - INTERNATIONAL STANDARD BOOK NUMBER
Terms of availability 150.00
International Standard Book Number 8171193676
035 ## - SYSTEM CONTROL NUMBER
System control number A-927112
037 ## - SOURCE OF ACQUISITION
Source of stock number/acquisition Cen Lib/Ret
040 ## - CATALOGING SOURCE
Original cataloging agency DPL
Language of cataloging HN
082 ## - DEWEY DECIMAL CLASSIFICATION NUMBER
Classification number 821.08
Item number चक्रध
100 ## - MAIN ENTRY--PERSONAL NAME
Personal name चक्रधर, अशोक
9 (RLIN) 50817
245 ## - TITLE STATEMENT
Title मुक्तिबोश की समीक्षाई /
Statement of responsibility, etc अशोक चक्रधर
246 ## - VARYING FORM OF TITLE
Title proper/short title ukibodh ki samikshayi /
Remainder of title by Ashok Chakrdhar
260 ## - PUBLICATION, DISTRIBUTION, ETC. (IMPRINT)
Name of publisher, distributor, etc राधाकृष्ण प्रकाशन
Place of publication, distribution, etc नयी दिल्ली
Date of publication, distribution, etc 1998
270 ## - ADDRESS
City नयी दिल्ली
Address 2/३८, अंसारी मार्ग, दरयागंज
Postal code 110002
300 ## - PHYSICAL DESCRIPTION
Extent 176पृ.
Dimensions 20सेमी(सजिल्द )
650 ## - SUBJECT ADDED ENTRY--TOPICAL TERM
Topical term or geographic name as entry element हिंदी साहित्य
General subdivision
Geographic subdivision
9 (RLIN) 50818
650 ## - SUBJECT ADDED ENTRY--TOPICAL TERM
Topical term or geographic name as entry element हिंदी कविता
9 (RLIN) 50819
650 ## - SUBJECT ADDED ENTRY--TOPICAL TERM
Topical term or geographic name as entry element Hindi literature
9 (RLIN) 50820
650 ## - SUBJECT ADDED ENTRY--TOPICAL TERM
Topical term or geographic name as entry element Hindi poetry
9 (RLIN) 50821
942 ## - ADDED ENTRY ELEMENTS (KOHA)
Source of classification or shelving scheme Dewey Decimal Classification
Koha item type Hindi Books
Classification part 821.08
Call number suffix चक्रध
Holdings
Withdrawn status Lost status Damaged status Not for loan Home library Current library Date acquired Source of acquisition Cost, normal purchase price Total Checkouts Total Renewals Full call number Barcode Date last seen Date checked out Copy number Cost, replacement price Price effective from Koha item type
        Central Library Central Library 11/08/2015 Cen Lib/Ret 150.00 3 1 821.08 चक्रध A-927112 09/11/2018 11/10/2018 1 150.00 11/08/2015 Hindi Books

© Delhi Public Library
Hit Counter
free hit counter